দ্য ফিমেল ব্রেন (Record no. 80017)
[ view plain ]
| 000 -LEADER | |
|---|---|
| fixed length control field | 00842nam a2200229 a 4500 |
| 001 - CONTROL NUMBER | |
| control field | 80017 |
| 003 - CONTROL NUMBER IDENTIFIER | |
| rucl marc code | BD-RjUL |
| 005 - DATE AND TIME OF LATEST TRANSACTION | |
| control field | 20220621163827.0 |
| 008 - FIXED-LENGTH DATA ELEMENTS--GENERAL INFORMATION | |
| fixed length control field | 220621s2021 bg ||||| |||| 00| 0 ben d |
| 020 ## - INTERNATIONAL STANDARD BOOK NUMBER | |
| Terms of availability | 9847000004369 |
| 035 ## - SYSTEM CONTROL NUMBER | |
| System control number | (BD-RjUL)80017 |
| 040 ## - CATALOGING SOURCE | |
| Original cataloging agency | BD-RjUL |
| Language of cataloging | eng |
| Transcribing agency | BD-RjUL |
| 041 ## - LANGUAGE CODE | |
| Language code of text/sound track or separate title | ben |
| 082 ## - DEWEY DECIMAL CLASSIFICATION NUMBER | |
| Edition number | 23 |
| Classification number | 612.82 |
| Author mark and year | BRF 2021 |
| 100 ## - MAIN ENTRY--PERSONAL NAME | |
| Personal name | ব্রিজেনডাইন, লুয়ান |
| 9 (RLIN) | 3808 |
| 245 ## - TITLE STATEMENT | |
| Title | দ্য ফিমেল ব্রেন |
| Statement of responsibility, etc. | লুয়ান ব্রিজেনডাইন ; অনুবাদ নাসরীন মুস্তাফা |
| 300 ## - PHYSICAL DESCRIPTION | |
| Pagination | ৩০২ পৃ.; |
| Size | ২২ সেমি. |
| 650 ## - SUBJECT ADDED ENTRY--TOPICAL TERM | |
| Topical term or geographic name as entry element | ব্রেন |
| General subdivision | ফিজিওলজি |
| 9 (RLIN) | 3809 |
| Topical term or geographic name as entry element | Brain |
| General subdivision | Physiology |
| 9 (RLIN) | 3810 |
| 700 ## - ADDED ENTRY--PERSONAL NAME | |
| Personal name | মুস্তাফা, নাসরীন |
| 942 ## - ADDED ENTRY ELEMENTS (KOHA) | |
| Source of classification or shelving scheme | Dewey Decimal Classification |
| Koha item type | Books |
| Lost status | Source of classification or shelving scheme | Damaged status | Not for loan | Collection code | Permanent Location | Current Location | Shelving location | Date acquired | Source of acquisition | Cost, normal purchase price | Total Checkouts | Full call number | Date last seen | Copy number | Koha item type |
|---|---|---|---|---|---|---|---|---|---|---|---|---|---|---|---|
| Dewey Decimal Classification | Not For Loan | Non-fiction | Central Library, University of Rajshahi | Central Library, University of Rajshahi | Reading Room | 18/04/2022 | Jatiya Sahitya Prakash, Dhaka | 350.00 | B 612.82 BRF 2021 | 21/06/2022 | C-1 | Books | |||
| Dewey Decimal Classification | Non-fiction | Central Library, University of Rajshahi | Central Library, University of Rajshahi | General Stacks | 18/08/2022 | Jatiya Sahitya Prakash, Dhaka | 350.00 | B 612.82 BRF 2021 | 03/07/2022 | C-2 | Books |